Formula One General Knowledge - Statistics

General Stats
  • This quiz has been taken 21 times
    20 since last reset
  • The average score is 12 of 20
Answer Stats
Hint Answer % Correct
How many world championships does Lewis Hamilton have? 7
94%
What brand new team is joining the grid for 2026? Cadillac
94%
What race is known as the "crown jewel" of F1? Monaco
94%
What country was the Sakhir GP held in? Bahrain
89%
Which GP is run in Albert Park? Australian
78%
Who was the last driver to use DRS Kimi Antonelli
78%
Who was the first driver to use DRS? Jenson Button
72%
Who is the only driver to have won the world championship in a car bearing his name? Jack Brabham
67%
Which driver won the world championship with only 1 win in 1982? Keke Rosberg
61%
Who is the only African world champion? Jody Scheckter
56%
Which team was VCARB originally, before Toro Rosso and AlphaTauri? Minardi
56%
What is the capacity of current F1 engines in litres? Give your answer as a number 1.6
44%
What does BRM stand for? British Racing Motors
44%
Who is the only posthumous world champion? Jochen Rindt
44%
What town are the McLaren F1 Team based in? Woking
44%
Who is the only driver to have completed the Triple Crown? (Winning the Indy 500, F1 world championship, and 24hrs of Le Mans) Graham Hill
39%
Who is the only world champion on two and four wheels? John Surtees
39%
Who is the oldest race winner? Luigi Fagioli
33%
Which driver holds the record for most races without a podium? Adrian Sutil
22%
Who is the only Muslim driver in F1 history? Rio Haryanto
11%
No matching quizzes found
Score Distribution
Percent of People with Each Score
Percentile by Number Answered
Your Score History
You have not taken this quiz since the last reset